Phố phường Hà Nội xưa

Gespeichert in:
Bibliographische Detailangaben
1. Verfasser: Hoàng Đạo Thúy
Format: Buch
Sprache:Undetermined
Veröffentlicht: Hà Nội VHTT 2000
Schlagworte:
Tags: Tag hinzufügen
Keine Tags, Fügen Sie den ersten Tag hinzu!
Thư viện lưu trữ: Trung tâm Học liệu Trường Đại học Cần Thơ
LEADER 00521nam a2200169Ia 4500
001 CTU_39569
008 210402s9999 xx 000 0 und d
082 |a 895.9223 
082 |b Th523 
100 |a Hoàng Đạo Thúy 
245 0 |a Phố phường Hà Nội xưa 
245 0 |c Hoàng Đạo Thúy 
260 |a Hà Nội 
260 |b VHTT 
260 |c 2000 
650 |a vietnamese fiction - 20th century,vietnamese literature - 20th century 
980 |a Trung tâm Học liệu Trường Đại học Cần Thơ